Những sự kiện lớn trong lịch sử hoa kỳ hơn 2000 mục từ giải đáp câu hỏi ai, thế nào, ở đâu, khi nào và tại sao trong lịch sử Hoa Kỳ
Сохранить в:
| Главный автор: | |
|---|---|
| Другие авторы: | |
| Формат: | |
| Опубликовано: |
Hà Nội
Văn hóa Thông tin
2005
|
| Предметы: | |
| Метки: |
Добавить метку
Нет меток, Требуется 1-ая метка записи!
|
| Thư viện lưu trữ: | Trung tâm Học liệu Lê Vũ Hùng, Trường Đại học Đồng Tháp |
|---|
| LEADER | 00870pam a22002418a 4500 | ||
|---|---|---|---|
| 001 | 00040429 | ||
| 005 | 20171128141125.0 | ||
| 008 | 170523s2016 ||||||Viesd | ||
| 020 | # | # | |c 120000 |
| 041 | 0 | # | |a Vie |
| 082 | 1 | 4 | |a 973 |b NH556S |
| 100 | 1 | # | |a Ted, Yanak |
| 245 | 1 | 0 | |b hơn 2000 mục từ giải đáp câu hỏi ai, thế nào, ở đâu, khi nào và tại sao trong lịch sử Hoa Kỳ |a Những sự kiện lớn trong lịch sử hoa kỳ |c Ted Yanak; Pam corneliso |
| 260 | # | # | |a Hà Nội |b Văn hóa Thông tin |c 2005 |
| 300 | # | # | |a 647 tr. |c 24 cm. |
| 653 | # | # | |a Hoa kỳ |
| 653 | # | # | |a Lịch sử |
| 653 | # | # | |a Nhân vật |
| 653 | # | # | |a Sự kiện |
| 700 | 1 | # | |a Pam, corneliso |
| 852 | # | # | |j KD.0022898 |
| 910 | |d 28/11/2017 | ||
| 980 | # | # | |a Trung tâm Học liệu Lê Vũ Hùng, Trường Đại học Đồng Tháp |